000 00330 a2200157 4500
001 57955
020 _a
040 _cAnchieta - Pituba
100 _aGógol, Nikolai
240 1 0 _aTaras Bulba
_lpor
245 1 0 _aTaras Bulba
300 _a149
362 0 _a1982
650 4 _aLiteraturas eslavas orientais-russa
942 _cBK
999 _c57955
_d57955